000
00363nam a2200169Ia 4500
001
9671
005
20250626030244.0
008
211022s9999 xx 000 0 und d
082
_a
599.67 SHO
100
_a
Shoshani, Jeheskel (Ed.)
245
0
_a
Elephants
260
_a
New York
260
_b
Checkmark Books
260
_c
2000
300
_a
240
942
_c
BK
999
_c
9061
_d
9061